000 00711nam a2200205 a 4500
001 BRCA_9135
005 20190320210530.0
008 061017s1730----sp-#######---#000-0#lat-#
041 _alat
084 _aCO8
_b.J63 1730
100 1 _aGutiérrez, D. Joannis
_922515
245 1 0 _aD. Joannis Gutiérrez hispani jurisconsultui praeclarissimi...
260 _aColoniae Allobrogum
_bSumptibus perachon & cramer
_c1730
300 _a80 p.
_c38 x 24 cm
500 _aCum privilegio S. Caesareae majestatis
500 _aEstado físico: presenta encuadernación en piel con cantos decorados y algunas hojas manchadas
650 1 4 _aDerecho romano
_yObras anteriores a 1800
_922105
902 _aCFM
942 _2lcc
_cB
999 _c8783
_d8783